[Event "Crema op 16th"]
[Site "Crema"]
[Date "2015.09.06"]
[Round "6"]
[White "Acunzo, Domenico"]
[Black "Swannie, Douglas"]
[Result "0-1"]
[WhiteElo "1696"]
[BlackElo "1872"]
[PlyCount "110"]
[EventDate "2015.09.04"]
[EventType "swiss"]
[EventRounds "6"]
[EventCountry "ITA"]
[SourceTitle "EXT 2024"]
[Source "ChessBase"]
[SourceDate "2023.10.10"]
[SourceVersion "1"]
[SourceVersionDate "2023.10.10"]
[SourceQuality "1"]

1. e4 b6 2. d4 Bb7 3. f3 e6 4. Be3 d5 5. e5 c5 6. Bb5+ Bc6 7. Qe2 a6 8. Bxc6+ Nxc6 9. c3 Nge7 10. f4 Nf5 11. Nf3 h5 12. Bf2 Be7 13. Nbd2 Qd7 14. Nb3 c4 15. Nbd2 b5 16. Nf1 b4 17. Ne3 Nxe3 18. Bxe3 a5 19. 0-0 Qd8 20. Qf2 Kd7 21. Ng5 Rf8 22. Qd2 g6 23. Kh1 Qe8 24. Nh7 Rh8 25. Nf6+ Bxf6 26. exf6 Qd8 27. f5 gxf5 28. Bg5 Rb8 29. Rae1 Na7 30. Re2 Nc8 31. Qf4 Qc7 32. Qe3 Nd6 33. Bh6 Rbe8 34. Bg7 Rh7 35. Rf3 Ne4 36. Rh3 bxc3 37. bxc3 Rb8 38. g3 Rb1+ 39. Kg2 Qb6 40. Rh4 Rb2 41. Bf8 Rxe2+ 42. Qxe2 Nxc3 43. Qc2 Ne4 44. Qa4+ Kc7 45. Rxe4 fxe4 46. Qa3 Kb7 47. Qa4 Ka6 48. Qd7 h4 49. Qc8+ Qb7 50. Qc5 h3+ 51. Kf2 Qb2+ 52. Ke3 Rh5 53. Qd6+ Qb6 54. Qa3 Rf5 55. Bc5 Rf3+ 0-1

[Event "Crema op 16th"]
[Site "Crema"]
[Date "2015.09.06"]
[Round "5"]
[White "Swannie, Douglas"]
[Black "Folcini, Gaddo"]
[Result "0-1"]
[WhiteElo "1872"]
[BlackElo "1585"]
[PlyCount "60"]
[EventDate "2015.09.04"]
[EventType "swiss"]
[EventRounds "6"]
[EventCountry "ITA"]
[SourceTitle "EXT 2024"]
[Source "ChessBase"]
[SourceDate "2023.10.10"]
[SourceVersion "1"]
[SourceVersionDate "2023.10.10"]
[SourceQuality "1"]

1. Nf3 e5 2. Nxe5 Nc6 3. Nf3 Nf6 4. g3 d5 5. Bg2 Bg4 6. 0-0 Be7 7. b3 h5 8. h3 Bxf3 9. exf3 Qd7 10. Bb2 0-0-0 11. a4 g5 12. a5 g4 13. fxg4 hxg4 14. h4 Rh6 15. Ra4 Rg8 16. Ba3 Bd6 17. Bxd6 Qxd6 18. Nc3 Nb4 19. Nb5 Qc5 20. d4 Qxb5 21. Qd2 Rgh8 22. Qxb4 Qa6 23. c4 Ne4 24. Bxe4 dxe4 25. Qd2 Qf6 26. f4 gxf3 27. Qf2 Qg5 28. Qxf3 exf3 29. hxg5 Rh1+ 30. Kf2 R8h2+ 0-1

[Event "Codogno op-A 4th"]
[Site "Codogno"]
[Date "2012.09.23"]
[Round "5"]
[White "Brioschi, Camillo"]
[Black "Swannie, Douglas"]
[Result "1/2-1/2"]
[WhiteElo "1822"]
[BlackElo "1922"]
[PlyCount "54"]
[EventDate "2012.09.21"]
[EventType "swiss"]
[EventRounds "5"]
[EventCountry "ITA"]
[SourceTitle "EXT 2016"]
[Source "ChessBase"]
[SourceDate "2015.10.08"]
[SourceVersion "1"]
[SourceVersionDate "2015.10.08"]
[SourceQuality "1"]

1. d4 d5 2. c4 Nc6 3. e3 e5 4. dxe5 d4 5. exd4 Qxd4 6. Nf3 Qxd1+ 7. Kxd1 Bg4 8. Be2 0-0-0+ 9. Bd2 Bxf3 10. gxf3 Nxe5 11. Kc2 Ne7 12. Nc3 N7c6 13. Be3 Nd4+ 14. Bxd4 Rxd4 15. Rad1 Bc5 16. Ne4 Rxd1 17. Rxd1 Be7 18. f4 Ng6 19. Bg4+ Kb8 20. f5 Ne5 21. Be2 Rd8 22. Rxd8+ Bxd8 23. Kc3 Be7 24. a3 Nd7 25. b4 c5 26. b5 Kc7 27. h3 b6 1/2-1/2

[Event "Crema op 14th"]
[Site "Crema"]
[Date "2012.09.02"]
[Round "6"]
[White "Swannie, Douglas"]
[Black "Cappa, Enrico"]
[Result "1-0"]
[WhiteElo "1922"]
[BlackElo "1641"]
[PlyCount "73"]
[EventDate "2012.08.31"]
[EventType "swiss"]
[EventRounds "6"]
[EventCountry "ITA"]
[SourceTitle "EXT 2014"]
[Source "ChessBase"]
[SourceDate "2013.11.20"]
[SourceVersion "1"]
[SourceVersionDate "2013.11.20"]
[SourceQuality "1"]

1. d4 Nf6 2. c4 e6 3. Nc3 b6 4. e4 d6 5. Nf3 Bb7 6. Bd3 Be7 7. 0-0 0-0 8. Qc2 g6 9. Bg5 Ne8 10. Bh6 Ng7 11. Rae1 Nd7 12. h3 c6 13. Qd2 e5 14. Bc2 Qc7 15. b3 Rad8 16. Ne2 d5 17. exd5 cxd5 18. Qc3 exd4 19. Nexd4 Bf6 20. Qb4 Qc5 21. Qxc5 Nxc5 22. cxd5 Bxd5 23. Rd1 Bxf3 24. Nxf3 Rxd1 25. Rxd1 Rd8 26. Rxd8+ Bxd8 27. Bf4 Nge6 28. Bg3 Bc7 29. Ne5 f6 30. Nc6 Bxg3 31. fxg3 a6 32. b4 Nd7 33. Bb3 Kf7 34. Nd8+ Ke7 35. Nxe6 Ne5 36. Nc7 a5 37. Nd5+ 1-0

[Event "Milan op 02"]
[Site "Milan"]
[Date "2012.02.17"]
[Round "3"]
[White "Bisignano, Giuseppe"]
[Black "Swannie, Douglas"]
[Result "0-1"]
[WhiteElo "1916"]
[BlackElo "1932"]
[PlyCount "90"]
[EventDate "2012.02.15"]
[EventType "swiss"]
[EventRounds "6"]
[EventCountry "ITA"]
[SourceTitle "EXT 2014"]
[Source "ChessBase"]
[SourceDate "2013.11.20"]
[SourceVersion "1"]
[SourceVersionDate "2013.11.20"]
[SourceQuality "1"]

1. e4 e5 2. Nf3 Nc6 3. Bc4 Nf6 4. d4 exd4 5. 0-0 Bc5 6. Re1 0-0 7. e5 d5 8. exf6 dxc4 9. fxg7 Re8 10. Ng5 Bf5 11. Na3 d3 12. Bf4 Nd4 13. cxd3 cxd3 14. Qd2 Ne2+ 15. Kh1 Qd5 16. Be3 Bxe3 17. fxe3 Be4 18. Nxe4 Qxe4 19. Nc2 Re6 20. Qb4 Rh6 21. Qxe4 Ng3+ 22. Kg1 Nxe4 23. Nd4 Rf6 24. Rf1 Rxf1+ 25. Rxf1 d2 26. Nf3 Rd8 27. Rd1 Rd3 28. Kf1 Rxe3 29. Nxd2 Rd3 30. Ke2 Rxd2+ 31. Rxd2 Nxd2 32. Kxd2 Kxg7 33. Kd3 Kf6 34. Ke4 Ke6 35. g4 f6 36. b4 c6 37. h4 h6 38. a4 b6 39. Kd4 a6 40. a5 bxa5 41. bxa5 Kd6 42. h5 c5+ 43. Kc3 Kd5 44. Kd3 c4+ 45. Kc2 Kc5 0-1

[Event "Milan op 01"]
[Site "Milan"]
[Date "2012.01.05"]
[Round "4"]
[White "Petrone, Gianmario"]
[Black "Swannie, Douglas"]
[Result "1/2-1/2"]
[WhiteElo "1933"]
[BlackElo "1932"]
[PlyCount "58"]
[EventDate "2012.01.02"]
[EventType "swiss"]
[EventRounds "9"]
[EventCountry "ITA"]
[SourceTitle "EXT 2014"]
[Source "ChessBase"]
[SourceDate "2013.11.20"]
[SourceVersion "1"]
[SourceVersionDate "2013.11.20"]
[SourceQuality "1"]

1. e4 e5 2. Nf3 Nc6 3. Bb5 Nf6 4. 0-0 Bc5 5. Nxe5 Nxe5 6. d4 a6 7. Ba4 b5 8. Bb3 Bxd4 9. Qxd4 d6 10. f4 c5 11. Qc3 Neg4 12. Bd5 Nxd5 13. exd5 0-0 14. b3 b4 15. Qb2 Qh4 16. h3 Re8 17. c4 Ne3 18. Bxe3 Rxe3 19. Nd2 Qe7 20. Nf3 Re2 21. Qxe2 Qxe2 22. Rae1 Qxf1+ 23. Kxf1 Kf8 24. g4 a5 25. a4 bxa3 26. Ra1 Bd7 27. Rxa3 a4 28. bxa4 Rxa4 29. Rxa4 Bxa4 1/2-1/2

[Event "Milan Crespi op-B 32nd"]
[Site "Milan"]
[Date "2011.12.09"]
[Round "4"]
[White "Swannie, Douglas"]
[Black "Murli, Almerico"]
[Result "1/2-1/2"]
[WhiteElo "1955"]
[BlackElo "1804"]
[PlyCount "134"]
[EventDate "2011.12.07"]
[EventType "swiss"]
[EventRounds "7"]
[EventCountry "ITA"]
[SourceTitle "EXT 2022"]
[Source "ChessBase"]
[SourceDate "2021.10.06"]
[SourceVersion "1"]
[SourceVersionDate "2021.10.06"]
[SourceQuality "1"]

1. d4 g6 2. c4 Bg7 3. Nc3 Nf6 4. e4 d6 5. f4 0-0 6. Nf3 c5 7. d5 e6 8. Be2 exd5 9. cxd5 Re8 10. e5 dxe5 11. fxe5 Ng4 12. Bg5 Qb6 13. Qd2 Nxe5 14. 0-0 Nbd7 15. Nxe5 Nxe5 16. d6 f5 17. Nd5 Qc6 18. Ne7+ Rxe7 19. dxe7 Bd7 20. Rad1 Re8 21. Qd5+ Qxd5 22. Rxd5 Bc6 23. Rd8 Nf7 24. Bc4 Bd4+ 25. Kh1 Kg7 26. Bxf7 Kxf7 27. b3 a6 28. h3 Kg7 29. Re1 h6 30. Rxe8 Bxe8 31. Be3 Bxe3 32. Rxe3 Kf7 33. Kg1 Bc6 34. Re5 b6 35. Kf2 Be8 36. h4 Kf6 37. Re1 Kf7 38. g3 Bc6 39. Re5 Be8 40. Ke2 Kf6 41. Re3 Kf7 42. Kd3 Bb5+ 43. Kc3 Bc6 44. Re5 Be8 45. a4 Kf6 46. Re3 g5 47. b4 cxb4+ 48. Kxb4 gxh4 49. gxh4 f4 50. Re1 f3 51. a5 bxa5+ 52. Kxa5 f2 53. Rf1 Kxe7 54. Rxf2 Bb5 55. h5 Be8 56. Rf5 Ke6 57. Rc5 Kd6 58. Kb6 Bd7 59. Rc4 Be8 60. Rc5 Bd7 61. Rc7 Be8 62. Rh7 Bb5 63. Rxh6+ Ke7 64. Ka5 Kf7 65. Rb6 Kg7 66. h6+ Kh7 67. Kb4 Bd3 1/2-1/2

[Event "Liscate op"]
[Site "Liscate"]
[Date "2011.10.16"]
[Round "5"]
[White "Swannie, Douglas"]
[Black "Quaranta, Cristiano"]
[Result "0-1"]
[WhiteElo "1947"]
[BlackElo "2128"]
[PlyCount "56"]
[EventDate "2011.10.14"]
[EventType "swiss"]
[EventRounds "5"]
[EventCountry "ITA"]
[SourceTitle "EXT 2014"]
[Source "ChessBase"]
[SourceDate "2013.11.20"]
[SourceVersion "1"]
[SourceVersionDate "2013.11.20"]
[SourceQuality "1"]

1. d4 d5 2. c4 c6 3. Nf3 e6 4. e3 f5 5. b3 Nf6 6. Bd3 Bd6 7. 0-0 Qe7 8. Bb2 0-0 9. Nbd2 b6 10. Ne5 Bb7 11. Ndf3 Ne4 12. Qc2 a5 13. a3 Nd7 14. Nxd7 Qxd7 15. Ne5 Qe7 16. f3 Nf6 17. Rfc1 c5 18. Qe2 cxd4 19. exd4 dxc4 20. bxc4 Nh5 21. g3 Qg5 22. f4 Nxf4 23. Qf1 Bxe5 24. dxe5 Nh3+ 25. Qxh3 Qe3+ 26. Kf1 Qxd3+ 27. Ke1 Qe3+ 28. Kf1 f4 0-1

[Event "Liscate op"]
[Site "Liscate"]
[Date "2011.10.15"]
[Round "2"]
[White "Solomon, Kenny"]
[Black "Swannie, Douglas"]
[Result "1-0"]
[WhiteElo "2426"]
[BlackElo "1947"]
[PlyCount "71"]
[EventDate "2011.10.14"]
[EventType "swiss"]
[EventRounds "5"]
[EventCountry "ITA"]
[SourceTitle "EXT 2014"]
[Source "ChessBase"]
[SourceDate "2013.11.20"]
[SourceVersion "1"]
[SourceVersionDate "2013.11.20"]
[SourceQuality "1"]

1. d4 d5 2. Nf3 Nf6 3. c4 e6 4. Nc3 Be7 5. Bg5 h6 6. Bh4 0-0 7. e3 b6 8. Bd3 Bb7 9. 0-0 c5 10. Qe2 Nbd7 11. Bg3 Ne4 12. cxd5 exd5 13. Rad1 Nxg3 14. hxg3 Nf6 15. Bb1 Qc8 16. Rfe1 Ne4 17. Qc2 f5 18. dxc5 Nxc3 19. bxc3 bxc5 20. c4 Qe6 21. Qb3 Qb6 22. cxd5 Qxb3 23. axb3 Rad8 24. e4 fxe4 25. Bxe4 Bd6 26. Nd2 Be5 27. d6 Bd4 28. Bxb7 Bxf2+ 29. Kh2 Bxe1 30. Rxe1 Rxd6 31. Ne4 Rd4 32. Nxc5 Rd6 33. Ba6 Kh8 34. Bc4 Rc6 35. Nd7 Rd8 36. Ne5 1-0

[Event "Milan Repubblica op"]
[Site "Milan"]
[Date "2011.06.03"]
[Round "4"]
[White "Lapiccirella, Daniele"]
[Black "Swannie, Douglas"]
[Result "1-0"]
[WhiteElo "2236"]
[BlackElo "1924"]
[PlyCount "27"]
[EventDate "2011.06.05"]
[EventType "swiss"]
[EventRounds "7"]
[EventCountry "ITA"]
[SourceTitle "EXT 2023"]
[Source "ChessBase"]
[SourceDate "2022.10.05"]
[SourceVersion "1"]
[SourceVersionDate "2022.10.05"]
[SourceQuality "1"]

1. d4 d5 2. c4 Nc6 3. cxd5 Qxd5 4. e3 e5 5. Nc3 Bb4 6. Bd2 Bxc3 7. Bxc3 exd4 8. Ne2 Bg4 9. f3 Bxf3 10. gxf3 Qxf3 11. Nxd4 Qxh1 12. Qg4 Nge7 13. 0-0-0 Qxh2 14. Nxc6 1-0

[Event "Milan Repubblica op"]
[Site "Milan"]
[Date "2011.06.02"]
[Round "3"]
[White "Swannie, Douglas"]
[Black "Valenti, Giuseppe"]
[Result "1-0"]
[WhiteElo "1924"]
[BlackElo "2155"]
[PlyCount "68"]
[EventDate "2011.06.05"]
[EventType "swiss"]
[EventRounds "7"]
[EventCountry "ITA"]
[SourceTitle "EXT 2023"]
[Source "ChessBase"]
[SourceDate "2022.10.05"]
[SourceVersion "1"]
[SourceVersionDate "2022.10.05"]
[SourceQuality "1"]

1. d4 Nf6 2. c4 e6 3. Nc3 c5 4. d5 exd5 5. cxd5 d6 6. e4 g6 7. f4 Bg7 8. Bb5+ Nfd7 9. Bd3 0-0 10. Nf3 Re8 11. 0-0 Na6 12. Kh1 Nc7 13. a4 a6 14. Nd2 Rb8 15. Nc4 Nf6 16. a5 Nb5 17. Qf3 Nxc3 18. bxc3 Ng4 19. Bd2 f5 20. exf5 Bxf5 21. Bxf5 gxf5 22. Rae1 Qd7 23. Rxe8+ Rxe8 24. Re1 Rxe1+ 25. Bxe1 Qe7 26. Bd2 Qh4 27. h3 Nf2+ 28. Kg1 Ne4 29. Qe3 Qf6 30. g4 h6 31. Be1 Qg6 32. Kg2 fxg4 33. h4 Qf5 34. Nb6 Qxd5 1-0

[Event "Milan Repubblica op"]
[Site "Milan"]
[Date "2011.06.01"]
[Round "1"]
[White "Swannie, Douglas"]
[Black "Cazzaniga, Walter"]
[Result "0-1"]
[WhiteElo "1924"]
[BlackElo "2078"]
[PlyCount "62"]
[EventDate "2011.06.05"]
[EventType "swiss"]
[EventRounds "7"]
[EventCountry "ITA"]
[SourceTitle "EXT 2023"]
[Source "ChessBase"]
[SourceDate "2022.10.05"]
[SourceVersion "1"]
[SourceVersionDate "2022.10.05"]
[SourceQuality "1"]

1. d4 Nf6 2. c4 g6 3. Nc3 Bg7 4. e4 d6 5. f4 0-0 6. Nf3 c6 7. Be2 a6 8. a4 a5 9. 0-0 Na6 10. Kh1 Bg4 11. e5 Nd7 12. Ng5 Bxe2 13. Qxe2 Nc7 14. e6 fxe6 15. Nxe6 Nxe6 16. Qxe6+ Rf7 17. Ne4 Nf8 18. Qh3 Bxd4 19. Ng5 Rf5 20. g4 Rf6 21. f5 c5 22. fxg6 hxg6 23. Be3 d5 24. Bxd4 cxd4 25. c5 e5 26. Qh6 Raa6 27. h4 Rxf1+ 28. Rxf1 Rf6 29. Nf3 Qe7 30. g5 Rf5 31. Kg2 d3 0-1